| 000 | 01063cam a2200277 a 4500 | ||
|---|---|---|---|
| 999 |
_c5569 _d5569 |
||
| 001 | 4483163 | ||
| 003 | GBCCL | ||
| 005 | 20241126110545.0 | ||
| 008 | 961008s1995 ilu 000 0 eng | ||
| 010 | _a 96206993 | ||
| 035 | _a(DLC) 96206993 | ||
| 040 |
_aDLC _cDLC _dDLC |
||
| 050 | 0 | 0 |
_aBS2725.5 _b.W35 1995 |
| 082 | 0 | 0 |
_a227.81007 _221 _bWAL |
| 100 | 1 |
_aWalton, Arthur B. _98355 |
|
| 245 | 1 | 0 |
_aMarks of a mighty church / _cArthur B. Walton. |
| 250 | _aRev. | ||
| 260 |
_aSchaumburg, Ill. : _bRegular Baptist Press, _cc1995. |
||
| 300 |
_a116 p. ; _c22 cm. |
||
| 500 | _a"Prepared primarily for group study in connection with the Adult Teacher's Guide, available from Regular Baptist Press.... This book may be used for individual instruction." | ||
| 500 | _a"Adult student manual, vol. 44, no. 1"--Verso t.p. | ||
| 630 | 0 | 0 |
_aBible. _pThessalonians _vTextbooks. _910046 |
| 906 |
_a7 _bcbc _corignew _d3 _encip _f19 _gy-gencatlg |
||
| 942 |
_2ddc _cBK |
||